01157nab a22002177a 4500003000400000005001700004008004100021040000700062100003400069245011000103260007200213300001300285500003900298505027800337505008900615650002000704650002400724650002600748650003200774773013300806OSt20260114125614.0190605e xxu||||| |||| 00| 0 spa d cPJ aUnzaga Domíngue, Guillermo 13aEl principio de gratuidad como guardián de la tutela judicial efectiva /cGuillermo Unzaga Domínguez. aCiudad Autónoma de Buenos Aires :bThomson Reuters La Ley,c2024. ap. 28-35 aCita: TR LALEY AR/DOC/1442/2024.  aSumario: I. Recepción normativa del principio de gratuidad.— II. Fundamentación.— III. La gratuidad en el intercambio telegráfico.— IV. El beneficio de gratuidad.— V. El beneficio de litigar sin gastos.— VI. La imposición de costas.— VII. Conclusiones.  t¿Te interesa el texto completo? Solicitalo al correo: koha@justierradelfuego.gov.ar 0aDERECHO LABORAL 0aCONTRATO DE TRABAJO 0aPROCEDIMIENTO LABORAL 0aGRATUIDAD DEL PROCEDIMIENTO0 02711dCiudad Autónoma de Buenos Aires : Thomson Reuters La Ley, 1999-2002.tRevista de derecho del trabajo. Nº 4 - Julio 2024